ბათუმის შოთა რუსთაველის სახელმწიფო უნივერსიტეტის ბიბლიოთეკა

ჩანაწერი Topical Term

ჩანაწერთა რაოდენობა, რომელიც გამოყენებულია: 1

001 - CONTROL NUMBER

  • control field: 8883

003 - CONTROL NUMBER IDENTIFIER

  • control field: GE_BSU

005 - DATE AND TIME OF LATEST TRANSACTION

  • control field: 20200629134942.0

008 - FIXED-LENGTH DATA ELEMENTS

  • fixed length control field: 200629|| aca||aabn | a|a d

040 ## - CATALOGING SOURCE

  • Original cataloging agency: GE_BSU
  • Transcribing agency: GE_BSU

150 ## - HEADING--TOPICAL TERM

  • Topical term or geographic name entry element: Exercise Therapy.

670 ## - SOURCE DATA FOUND

  • Source citation: Work cat.: (GE_BSU)0: Ordet, Stephen M. 8880, Dynamics of clinical rehabilitative exercise /, c1992.